000 00676ata a2200265 4500
005 20250729141912.0
008 150526b2012 xxu||||| |||| 00| 0 spa d
020 _a996831157X
041 _aESP
082 _a333.642 M551o
100 _aMeoño Briansó, Mario
_91476
100 _aEscoto Leiva, Roxana
245 _aOperaciones Bursátiles
250 _a5 edición
260 _aCosta Rica
260 _bEUNED
260 _c2012
300 _a304 páginas
490 _aDirección y Administración de Empresas
650 _aCOSTA RICA
650 _aOPERACIONES DE MERCADO
650 _aBOLSA DE VALORES
650 _aMERCADOS BURSATILES
942 _cBK
_2ddc
999 _c6024
_d6024